000 00548nam a2200181Ia 4500
003 IN-BaIIA
008 211028s9999 xx 000 0 eng d
040 _cIIA Library
080 _a382.6(026)
_bITC
110 _aIndian International Trade Centre
_911159
245 0 _aGuide to exporters
_cIndian International Trade Centre
250 _a4th ed.
260 _aBombay
_bIndian International Trade Centre
_c1981
300 _a108p.
650 _aGuide Trade Development
_911160
650 _aNASA Thesaurus
942 _cBK
999 _c6511
_d6511